000 00639nam a22002177a 4500
003 UA-OsUOA
001 110932
007 ta
008 20150415b un ||||| |||| 00| 0 ukr d
100 _aСкрипниченко М.І,
090 _a330(477)
_bС45
942 _cSA
040 _aUA-OsUOA
_bukr
_cUA-OsUOA
_dUA-OsUOA
245 _aМакроекономічна збалансованість і критичні дисбаланси в економіці України
300 _aС,4-24 с.
955 _a0
041 _aukr
080 _a330(477)
773 0 _w110931
650 7 _a330 Економіка взагалі
_2UDC
999 _c397210
_d397210